Estadísticas para POBLES DEL BAIX LLOBREGAT

Haz click aquí para intentar la prueba.

Estadísticas generales

  • Esta prueba ha sido intentada 122 veces
    (60 desde el último reinicio)
  • La puntuación promedio es 17 de 30

Estadísticas de respuestas

INICIALMUNICIPI% Correcto
VViladecans
79%
GGavà
76%
MMolins de Rei
73%
SSant Andreu de la Barca
73%
SSant Boi de Llobregat
73%
SSant Feliu de Llobregat
73%
CCornellà de Llobregat
70%
PPallejà
70%
EEsplugues de Llobregat
67%
SSant Joan Despí
67%
CCastelldefels
64%
Pel Prat de Llobregat
64%
OOlesa de Montserrat
64%
AAbrera
61%
BBegues
61%
MMartorell
61%
SSant Vicenç dels Horts
61%
SSant Just Desvern
55%
SSanta Coloma de Cervelló
52%
TTorrelles de Llobregat
48%
VVallirana
48%
CCervelló
45%
CCorbera de Llobregat
42%
Pel Papiol
42%
SSant Climent de Llobregat
42%
EEsparreguera
36%
SSant Esteve Sesrovires
30%
CCollbató
27%
Pla Palma de Cervelló
24%
CCastellví de Rosanes
18%

Distribución de puntuación

Porcentaje por número respondido

Porcentaje de gente con cada puntuación

Historial de tus puntuaciones

No has intentado esta prueba desde el último reinicio